000 00856nas a2200265 4500
001 BR9202728
003 BR-BrBNA
005 20231205092536.0
007 ta
008 230509b bl.|||p| |||| 00| 00por d
040 _aBR-BrBNA
_bpor
_cBiblioteca Nacional de Agricultura
041 _a(Pt)
072 _aL72
100 1 _aCeccarelli, P.S.
100 1 _aFigueira, L.B.
100 1 _aFerraz de Lima, C.L.B.
100 1 _aOliveira, C.A.
245 1 _aObservacoes sobre a ocorrencia de parasitos no CEPTA entre 1983 e 1990
246 1 _aObservations about the occurrence of parasites at CEPTA from 1983 up to 1990, Brazil
650 _aPEIXE
650 _aPARASITO DE ANIMAL
773 0 _tBoletim Tecnico do CEPTA (Brazil)
_xISSN 0103-1112
_g(1990), v. 3 p. 43-54
_wBR9202728
909 _a202311
_bLúcia
_c55
_dLúcia Elande
942 _2AGRIS
_n0
_cANA
999 _c132431
_d132431